00818nam a2200217 a 450000100060000000300090000600800410001502000150005604000280007108200150009910000280011424500230014225000060016526000380017130000110020949000280022050502870024865000230053565000210055865000210057919204CO-ViMGA141112s2004 ck r 000 u spa d a8471123533 aCO-ViMGAbspacCO-ViMGA04a401.9 V1531 aValle Arroyo, Francisco10aPsicolinguística a2 aMadrid : bEdiciones Morata; 1992 a234 p. aPsicología : Manuales aIntroducción : linguistica y psicolinguistica Comprensión del lenguaje : significado de las palabras; comprensión de oraciones, comprensión de textos, reconocimiento de palabras Producción del lenguaje Neuropsicologia cognitiva del lenguaje : dislexia, disgrafía, afasia14aLENGUAJE Y LENGUAS14aNEUROLINGUISTICA14aPSICOLINGUISTICA